Catálogo

Auditoria moderna / (Registro nro. 18138)

Detalles MARC
000 -LEADER
fixed length control field 01284cam a2200325 i 4500
001 - CONTROL NUMBER
control field 18138
003 - CONTROL NUMBER IDENTIFIER
control field Mx-PuUPA
005 - DATE AND TIME OF LATEST TRANSACTION
control field 20240410103508.0
008 - FIXED-LENGTH DATA ELEMENTS--GENERAL INFORMATION
fixed length control field 140415s1992 mx d gr 001 0 spa d
020 ## - INTERNATIONAL STANDARD BOOK NUMBER
International Standard Book Number 9682606950
040 ## - CATALOGING SOURCE
Original cataloging agency Mx-PuUPA
Language of cataloging spa
Transcribing agency Mx-PuUPA
Modifying agency Mx-PuUPA
Description conventions rda
041 1# - LANGUAGE CODE
Language code of text/sound track or separate title spa
Language code of original eng
100 1# - MAIN ENTRY--PERSONAL NAME
Personal name Kell, Walter Gerry,
9 (RLIN) 11461
Dates associated with a name 1921-
Relator term autor
240 ## - UNIFORM TITLE
Uniform title Modern auditing.
Language of a work Español
245 10 - TITLE STATEMENT
Title Auditoria moderna /
Statement of responsibility, etc. Walter G. Kell, Richard E. Ziegler ; consulting editor, William C. Boynton ; traucida por Alberto García Mendoza
250 ## - EDITION STATEMENT
Edition statement Primera edición
264 #0 - PRODUCTION, PUBLICATION, DISTRIBUTION, MANUFACTURE, AND COPYRIGHT NOTICE
Place of production, publication, distribution, manufacture México, D. F. :
Name of producer, publisher, distributor, manufacturer Compañía Editorial Continental,
Date of production, publication, distribution, manufacture, or copyright notice ©1987
300 ## - PHYSICAL DESCRIPTION
Extent 717 páginas :
Other physical details ilustraciones ;
Dimensions 25 cm
336 ## - CONTENT TYPE
Content type term texto
Fuente rdacontent
Content type code txt
337 ## - MEDIA TYPE
Media type term sin medio
Source rdamedia
Media type code n
338 ## - CARRIER TYPE
Carrier type term volumen
Source rdacarrier
Carrier type code nc
650 #4 - SUBJECT ADDED ENTRY--TOPICAL TERM
Topical term or geographic name entry element Auditoría
700 1# - ADDED ENTRY--PERSONAL NAME
Personal name Ziegler, Richard E. Ziegler,
Relator term autor
700 1# - ADDED ENTRY--PERSONAL NAME
Personal name Boynton, William C.,
Relator term autor
700 1# - ADDED ENTRY--PERSONAL NAME
Personal name García Mendoza, Alberto,
Relator term traductor
9 (RLIN) 10594
765 08 - ORIGINAL LANGUAGE ENTRY
Main entry heading Kell, Walter Gerry,
Place, publisher, and date of publication [Lugar de publicación no identificado] : John Wiley & Sons, [Fecha de publicación no identificado]
Title Modern auditing
International Standard Book Number 0471877492
942 ## - ADDED ENTRY ELEMENTS (KOHA)
Source of classification or shelving scheme Dewey Decimal Classification
Koha item type Libro
Classification part 657.45
Item part K2915
Existencias
Withdrawn status Lost status Source of classification or shelving scheme Damaged status Not for loan Collection code Home library Current library Shelving location Date acquired Source of acquisition Total Checkouts Full call number Barcode Date last seen Price effective from Koha item type
    Dewey Decimal Classification     General Biblioteca Karol Wojtyla Biblioteca Karol Wojtyla Sala general 03/12/2013 Compra   657.45 K2915 1987 3704 05/01/2026 03/12/2013 Libro